Broadband strategies handbook

Bibliographic Details
Corporate Author: ProQuest (Firm)
Other Authors: Kelly, Tim, Rossotto, Carlo Maria, 1970-
Format: Electronic eBook
Language:English
Published: Washington, D.C. : World Bank, c2012.
Subjects:
Online Access:Click to View
LEADER 01435nam a2200385Ia 4500
001 EBC881429
003 MiAaPQ
005 20200520144314.0
006 m o d |
007 cr cn|||||||||
008 120130s2012 dcuab sb i001 0 eng d
010 |z  2011052001 
020 |z 9780821389454 
020 |z 9780821389461 
035 |a (MiAaPQ)EBC881429 
035 |a (Au-PeEL)EBL881429 
035 |a (CaPaEBR)ebr10547184 
035 |a (CaONFJC)MIL352010 
035 |a (OCoLC)784885717 
040 |a MiAaPQ  |c MiAaPQ  |d MiAaPQ 
050 4 |a HE7645  |b .B76 2012 
082 0 4 |a 384  |2 23 
245 0 0 |a Broadband strategies handbook  |h [electronic resource] /  |c editors, Tim Kelly and Carlo Rossotto. 
260 |a Washington, D.C. :  |b World Bank,  |c c2012. 
300 |a xxvii, 373 p. :  |b ill., maps. 
504 |a Includes bibliographical references and index. 
533 |a Electronic reproduction. Ann Arbor, MI : ProQuest, 2015. Available via World Wide Web. Access may be limited to ProQuest affiliated libraries. 
650 0 |a Broadband communication systems  |x Government policy. 
650 0 |a Information technology  |x Government policy. 
650 0 |a Telecommunication policy. 
655 4 |a Electronic books. 
700 1 |a Kelly, Tim  |q (Tim John Charles) 
700 1 |a Rossotto, Carlo Maria,  |d 1970- 
710 2 |a ProQuest (Firm) 
856 4 0 |u https://ebookcentral.proquest.com/lib/matrademy/detail.action?docID=881429  |z Click to View